书目信息 |
| 题名: |
三十六计
|
|
| 作者: | 佚名 著 ;谢普 译注 | |
| 分册: | ||
| 出版信息: | 北京 中国工人出版社 2016 |
|
| 页数: | 161页 | |
| 开本: | 24cm | |
| 丛书名: | 中华传统文化经典普及文库 | |
| 单 册: | ||
| 中图分类: | E892.2 | |
| 科图分类: | ||
| 主题词: | 兵法--中国--古代 | |
| 电子资源: | ||
| ISBN: | 978-7-5008-6495-0 | |
| 000 | 00900oam2 2200289 450 | |
| 001 | 012001002760 | |
| 005 | 20140926114740.0 | |
| 010 | @a978-7-5008-6495-0@dCNY26.00 | |
| 100 | @a20160824d2016 em y0chiy50 ea | |
| 101 | 0 | @achi |
| 102 | @aCN@b110000 | |
| 105 | @aa z 000yy | |
| 106 | @ar | |
| 200 | 1 | @a三十六计@9san shi liu ji@f佚名著 |
| 210 | @a北京@c中国工人出版社@d2016 | |
| 215 | @a161页@c图@d24cm | |
| 225 | 1 | @a中华传统文化经典普及文库@v28 |
| 314 | @a封面题:谢普译注 | |
| 330 | @a本书介绍了《三十六计》这一我国古代卓越的军事思想和丰富的战争经验总结而成的兵书,是中华民族悠久的文化遗产之一。 | |
| 461 | 0 | @12001 @a中华传统文化经典普及文库 |
| 605 | @a《三十六计》@x注释 | |
| 606 | 0 | @a兵法@y中国@z古代 |
| 690 | @aE892.2@v5 | |
| 701 | 0 | @c(明)@a佚名@9yi ming@4著 |
| 702 | 0 | @a谢普@9xie pu@4译注 |
| 801 | 0 | @aCN@b上海新华@c20180901 |
| 905 | @b1161446-50@dE892.2@e101@f5 | |
| 三十六计/佚名著.-北京:中国工人出版社,2016 |
| 161页:图;24cm.-(中华传统文化经典普及文库;28) |
| ISBN 978-7-5008-6495-0:CNY26.00 |
| 本书介绍了《三十六计》这一我国古代卓越的军事思想和丰富的战争经验总结而成的兵书,是中华民族悠久的文化遗产之一。 |
| ● |
| 相关链接 |
|
|
|
|
正题名:三十六计
索取号:E892.2/101
 
预约/预借
| 序号 | 登录号 | 条形码 | 馆藏地/架位号 | 状态 | 备注 |
| 1 | 1161446 | 211614467 | 第一样本阅览室/ [索取号:E892.2/101] | 在馆 | |
| 2 | 1161447 | 211614476 | 第一借阅区/ [索取号:E892.2/101] | 在馆 | |
| 3 | 1161448 | 211614485 | 第一借阅区/ [索取号:E892.2/101] | 在馆 | |
| 4 | 1161449 | 211614494 | 第一借阅区/ [索取号:E892.2/101] | 在馆 | |
| 5 | 1161450 | 211614500 | 第一借阅区/ [索取号:E892.2/101] | 在馆 |